000 01137pam a2200325 a 4500
001 4904467
003 NUST
005 20220207192631.0
008 940125s1994 nyua 001 0aeng
010 _a 94001642
020 _a0716725819 :
_c$23.95
038 _aA
040 _aDLC
_cDLC
_dDLC
043 _as-ec---
_an-us---
050 0 0 _aQC774.G45
_bA3 1994
082 0 0 _a530
_220
100 2 _aGell-Mann, Murray.
_988866
245 1 4 _aThe quark and the jaguar :
_badventures in the simple and the complex /
_cMurray Gell-Mann.
260 _aNew York :
_bW.H. Freeman,
_cc1994.
300 _axviii, 392 p. :
_bill. ;
_c25 cm.
500 _aIncludes index.
563 _aH.B
600 1 0 _aGell-Mann, Murray
_xTravel
_zEcuador.
_988867
650 0 _aParticles (Nuclear physics)
_988868
650 0 _aNuclear physicists
_zUnited States
_vBiography.
_988869
651 0 _aEcuador
_xDescription and travel.
_988870
906 _a7
_bcbc
_corignew
_d1
_eocip
_f19
_gy-gencatlg
942 _2ddc
_cBK
999 _c587809
_d587809